Statistics for Top 20 Countries by FIFA World Cup Appearances

Click here to take the quiz!

General Stats

  • This quiz has been taken 83 times
    (23 since last reset)
  • The average score is 17 of 20

Answer Stats

# Answer % Correct
15England
100%
21Brazil
100%
17Argentina
100%
15France
100%
19Germany
100%
16Mexico
93%
18Italy
93%
15Spain
93%
10United States
87%
10Netherlands
87%
11Russia
87%
13Belgium
87%
12Sweden
87%
13Uruguay
87%
9Chile
80%
10South Korea
80%
11Switzerland
73%
9Czech Republic
53%
12Serbia/Yugoslavia
53%
9Hungary
47%

Score Distribution

Percentile by Number Answered

Percent of People with Each Score

Your Score History

You have not taken this quiz since the last reset